Preparation of dynat rubber - A new form of natural rubber (Record no. 65590)

MARC details
000 -LEADER
fixed length control field 00352nam a2200133Ia 4500
100 ## - MAIN ENTRY--AUTHOR NAME
Personal name Howorth H
245 #0 - TITLE STATEMENT
Title Preparation of dynat rubber - A new form of natural rubber
260 ## - PUBLICATION, DISTRIBUTION, ETC. (IMPRINT)
Name of publisher Planters Bulletin
Year of publication 1966
300 ## - PHYSICAL DESCRIPTION
Number of Pages 126-129
650 ## - SUBJECT ADDED ENTRY--TOPICAL TERM
Topical Term Dynat rubber
650 ## - SUBJECT ADDED ENTRY--TOPICAL TERM
Topical Term Natural rubber
942 ## - ADDED ENTRY ELEMENTS (KOHA)
Koha item type Journals
Holdings
Withdrawn status Lost status Damaged status Not for loan Home library Current library Shelving location Date acquired Serial Enumeration / chronology Koha item type
      Journals RRII Library RRII Library Rubber chemistry 17/12/2021 Volume 86, Issue Journals